000 00741nam a2200253 i 4500
001 179724
003 ES-MaACL
005 20250825015400.0
008 120112s1994 sp ap |||| | spa d
020 _a84-368-0812-6
080 _a655.262
100 1 _aMartin, Douglas.
_9149041
245 1 3 _aEl diseño en el libro /
_cDouglas Martin.
260 _aMadrid :
_bPirámide,
_c[1994]
300 _a219 p. :
_bil. ;
_c25 cm.
500 _aGlosario.
500 _aÍndice.
504 _aBibliografía: p. [201]-204.
650 7 _aLibros-
_xDiseño
_2
_9147817
650 4 _aDiseño tipográfico.
_9147445
852 _aES-MaACL
_jA-11840
_9186623
_bR.146713
_cDEPO1
_dOlim: N-4845
942 _2udc
_cMONOGRAFIA
999 _c179724
_d179724